000 00586nam a2200205Ia 4500
005 20250508163330.0
008 008 250505s9999 xx 000 0 eng d
020 _a0-08-024558-7
037 _aTextual
040 _aFEDL
_beng
_cFEDL
041 _aeng
_2eng
084 _a428.24, BRU
_qFEDL
100 _aBrumfit Christopher
_9773306
245 0 _aProblems and principles in english teaching
260 _aOxford
_bPergamon Press
_c1980
300 _axii,156p.
650 _aEnglish language teaching
942 _cTEXL
_h428.24, BRU
999 _c1382371
_d1382371